书目信息 |
| 题名: |
工程力学
|
|
| 作者: | Malvern , 马尔维恩 著 ;徐昭鑫 译 | |
| 分册: | 第一卷 静力学 | |
| 出版信息: | 北京 人民教育出版社 1980-1981 |
|
| 页数: | 224页 | |
| 开本: | 26cm | |
| 丛书名: | ||
| 单 册: | ||
| 中图分类: | TB12 | |
| 科图分类: | ||
| 主题词: | 工程力学 | |
| 电子资源: | ||
| ISBN: | ||
| 000 | 00896nam0 2200301 45 | |
| 001 | 0180009955 | |
| 005 | 20060804145740.35 | |
| 010 | @dCNY1.20 | |
| 091 | @aCN@b15012.0280(1) | |
| 100 | @a19950517f19801981em y0chiy0121 ea | |
| 101 | 1 | @achi@ceng |
| 102 | @aCN@b110000 | |
| 105 | @ay z 000yy | |
| 200 | 10 | @a工程力学@Agong cheng li xue@f(美)劳伦斯·E.马尔维恩(L.E.Malvern)著@h第一卷@g徐昭鑫等译@i静力学 |
| 210 | @a北京@c人民教育出版社@d1980-1981 | |
| 215 | @a224页@d26cm | |
| 300 | @a书名原文:Engineering mechanics | |
| 327 | 1 | @a第一卷,静力学@a第二卷,运动力学 |
| 510 | 1 | @aEngineering mechanics@zeng |
| 517 | 1 | @a静力学@Ajing li xue |
| 606 | @a工程力学 | |
| 690 | @aTB12@v3 | |
| 701 | A1 | @aMalvern@bL.E.@4著 |
| 701 | 1 | @a马尔维恩@Ama er wei en@bL.E.@4著 |
| 702 | 0 | @a徐昭鑫@Axu zhao xin@4译 |
| 801 | 2 | @aCN@bNLC@c20060804 |
| 801 | 0 | @aCN@bTSSF |
| 905 | @a10447@dTB12@e105 | |
| 工程力学/(美)劳伦斯·E.马尔维恩(L.E.Malvern)著.第一卷/徐昭鑫等译.静力学.-北京:人民教育出版社,1980-1981 |
| 224页;26cm |
| 书名原文:Engineering mechanics |
| 部分内容:第一卷,静力学;第二卷,运动力学 |
| ISBN :CNY1.20 |
| ● |
| 相关链接 |
|
|
|
|
正题名:工程力学
索取号:TB12/105
 
预约/预借
| 序号 | 登录号 | 条形码 | 馆藏地/架位号 | 状态 | 备注 |
| 1 | 0439756 | 204397562 | 密集书库/ [索取号:TB12/105] | 在馆 | |
| 2 | 0439757 | 204397571 | 密集书库/ [索取号:TB12/105] | 在馆 |